000 00578nam a22001697a 4500
999 _c167017
_d167017
010 _aENG-126222
020 _a978-93-8472-689-8
_c1595.00
035 _aEN-109754
037 _bDBAD/PUB
082 _a547.2
100 _aBhutani,S.P.
245 _aOrganic Reactions with Mechanisms/
_cby S.P.Bhutani
260 _aNew Delhi
_bAne Books Pvt.Ltd.
_c2017
270 _a4821,Parwana Bhawan 1st Floor 24 Ansari Road, Darya Ganj
_bNew Delhi
_e110002
_k+91(011)23276843,2814209
_manebookschennai.com
300 _av356p.
_b24cm(hb)
942 _2ddc
_cEN
_h547.2
_mBHU